header

A Study in scarlet (Record no. 127709)

MARC details
000 -LEADER
fixed length control field 01150nam a2200289Ia 4500
100 1# - MAIN ENTRY--AUTHOR NAME
Personal name Doyle, Arthur Conan,
245 12 - TITLE STATEMENT
Title A Study in scarlet
260 ## - PUBLICATION, DISTRIBUTION, ETC. (IMPRINT)
Place of publication London :
Name of publisher Electric Book Co.,
Year of publication c2001.
300 ## - PHYSICAL DESCRIPTION
Number of Pages 143 p.
650 #0 - SUBJECT ADDED ENTRY--TOPICAL TERM
Topical Term Holmes, Sherlock (Fictitious character)
Topical Term Private investigators
Topical Term English literature
856 40 - ELECTRONIC LOCATION AND ACCESS
Uniform Resource Identifier http://site.ebrary.com/lib/rucke/Doc?id=2001786

No items available.

© 2026 Rongo University
Contact us: librarian | system librarian | Rongo university